000 00484nam a2200217Ia 4500
003 IT-RoPAU
008 120407s9999 xx 000 0 und d
040 _aIT-RoPAU
040 _cIT-RoPAU
041 _alat
100 _aAdalbertus Metzinger
100 _cosb.
245 _aIntroductio in sacros utriusque Testamenti libros. Compendium.
250 _aNapoli
260 _aD’Auria
260 _c1946
300 _c23 cm
490 _v1
942 _cBK
999 _c17639
_d17639